Online
Catalog

Manual de gestión y financiación privada de infraestructuras y servicios público : (Record no. 60628)

MARC details
000 -CABECERA
campo de control de longitud fija 01635nam a2200289 i 4500
003 - IDENTIFICADOR DEL NÚMERO DE CONTROL
campo de control DO-SdBNP
005 - FECHA Y HORA DE LA ÚLTIMA TRANSACCIÓN
campo de control 20260428092348.0
007 - CAMPO FIJO DE DESCRIPCIÓN FÍSICA--INFORMACIÓN GENERAL
campo de control de longitud fija ta
008 - DATOS DE LONGITUD FIJA--INFORMACIÓN GENERAL
campo de control de longitud fija 260428b2025 dr ad||| |||| 00| 0 spa d
040 ## - FUENTE DE LA CATALOGACIÓN
Centro catalogador/agencia de origen DO-SdBNP
Lengua de catalogación spa
Centro/agencia transcriptor BNPHU
Normas de descripción rda
041 ## - CÓDIGO DE LENGUA
Código de lengua del texto/banda sonora o título independiente spa
082 #4 - NÚMERO DE LA CLASIFICACIÓN DECIMAL DEWEY
Número de clasificación xxx
Número de documento/Ítem B716m
Número de edición 22
100 1# - ENTRADA PRINCIPAL--NOMBRE DE PERSONA
Nombre de persona Bonnelly Ginebra, Carlos Sully,
Término indicativo de función/relación autor
Código de función/relación aut.
9 (RLIN) 89420
245 10 - MENCIÓN DE TÍTULO
Título Manual de gestión y financiación privada de infraestructuras y servicios público :
Resto del título un enfoque práctico para la república dominicana /
Mención de responsabilidad, etc. Carlos Sully Bonnelly Ginebra.
250 ## - MENCIÓN DE EDICIÓN
Mención de edición Primera edición
264 ## - PRODUCCIÓN, PUBLICACIÓN, DISTRIBUCIÓN, FABRICACIÓN Y COPYRIGHT
Producción, publicación, distribución, fabricación y copyright Santo Domingo, República Dominicana :
Nombre del de productor, editor, distribuidor, fabricante Ediciones Unicaribe,
Fecha de producción, publicación, distribución, fabricación o copyright 2025.
300 ## - DESCRIPCIÓN FÍSICA
Extensión 674 páginas :
Otras características físicas ilustraciones, gráficos, cuadros ;
Dimensiones 30 cm.
336 ## - TIPO DE CONTENIDO
Término de tipo de contenido texto
Código de tipo de contenido txt
Fuente rdacontent
337 ## - TIPO DE MEDIO
Nombre/término del tipo de medio sin mediación
Código del tipo de medio n
Fuente rdamedia
338 ## - TIPO DE SOPORTE
Nombre/término del tipo de soporte volumen
Código del tipo de soporte nc
Fuente rdacarrier
500 ## - NOTA GENERAL
Nota general Incluye datos biográficos del autor en la solapa de la contracubierta
504 ## - NOTA DE BIBLIOGRAFÍA, ETC.
Nota de bibliografía, etc. Bibliografía: páginas 665-674
505 ## - NOTA DE CONTENIDO CON FORMATO
Nota de contenido con formato I. Infraestructura y desarrollo, 27 -- II. Modelos de gestión y financiamiento, 65 -- III. La asociación público-privada, 119 -- IV. Buenas prácticas de asociación público-privada, 167 - V. Marco legal e institucional de las APP, 219 -- VI. Evaluación de las APP, 285 -- VII. Implementación de las APP 335 -- VIII. Propuestas privadas APP, 381 -- IX. Financiación de proyecto de APP, 421 -- X. Diseño de la APP, 475 -- XI. Modelización de la APP, 515 -- XII. Caso estudio de una APP de servicio, 547 -- XIII. Caso estudio de una APP de obra, 585
590 ## - NOTA LOCAL (RLIN)
Nota local Inventariado, 2026 /LP
910 ## - DATOS DE OPCIÓN DEL USUARIO (OCLC)
Datos de opción del usuario LP
942 ## - ELEMENTOS DE PUNTO DE ACCESO ADICIONAL (KOHA)
Fuente del sistema de clasificación o colocación Dewey Decimal Classification
Tipo de ítem Koha Libro
Holdings
Estado de retiro Estado de pérdida Fuente del sistema de clasificación o colocación Restricciones de uso No para préstamo Código de colección Localización permanente Ubicación/localización actual Ubicación en estantería Fecha de adquisición Fuente de adquisición Total de préstamos Signatura topográfica completa Código de barras Fecha visto por última vez Precio válido a partir de Tipo de ítem Koha Número de copia
    Dewey Decimal Classification Excluido de préstamo   Patrimonio Dominicano Biblioteca Nacional Pedro Henríquez Ureña Biblioteca Nacional Pedro Henríquez Ureña En catalogación 01.07.2025 Depósito Legal   BNPHU PD xxx B716m 2026-3276 28.04.2026 28.04.2026 Libro  
    Dewey Decimal Classification Excluido de préstamo   Patrimonio Dominicano Biblioteca Nacional Pedro Henríquez Ureña Biblioteca Nacional Pedro Henríquez Ureña En catalogación 01.07.2025 Depósito Legal   BNPHU PD xxx B716m 2026-3277 28.04.2026 28.04.2026 Libro e.2
    Dewey Decimal Classification Préstamo en sala   Dominicana de Servicio Biblioteca Nacional Pedro Henríquez Ureña Biblioteca Nacional Pedro Henríquez Ureña En catalogación 01.07.2025 Depósito Legal   BNPHU DS xxx B716m 2026-3278 28.04.2026 28.04.2026 Libro e.3

Powered by Koha